000 00524nam a22001817a 4500
005 20240809121003.0
008 240809b |||||||| |||| 00| 0 eng d
020 _a81-7758-686-6
082 _a332.1
_bPAU-M
100 _aPaul, Justin
245 _aManagemet of Banking and Financial Services/
_cJustin Paul
260 _aIndia;
_bDorling Kindersley;
_c2008
300 _axxv, 658 p.:
_bill.;
_c27.7 cm.
500 _aIncludes index
650 _aSocial Sciences/Economics
700 _aPadmalatha Suresh
999 _c36362
_d36362